| 000 | 00690nam a2200253Ii 4500 | ||
|---|---|---|---|
| 001 | 46457 | ||
| 003 | CO-ViMGA | ||
| 005 | 20260213220919.0 | ||
| 008 | 241108s9999||||xx |||||||||||||| ||und|| | ||
| 020 | _a8477204055 | ||
| 020 | _a9788477204053 | ||
| 040 |
_aCO-ViMGA _bspa _erda _cCO-ViMGA |
||
| 041 | 0 | _aspa | |
| 084 | _aN FIS2c | ||
| 100 | 1 |
_aRobert Fischer _951702 |
|
| 245 | 1 | 0 | _aEl caballero de la armadura oxidada |
| 264 | 1 | _aMadrid, EspaƱa : Obelisco, 2002 | |
| 300 | _avolumen | ||
| 336 |
_atext _btxt _2rdacontent |
||
| 337 |
_aunmediated _bn _2rdamedia |
||
| 338 |
_avolume _bnc _2rdacarrier |
||
| 940 | _aidficha_siabuc: 16612. -- ficha_no_siabuc:16944 | ||
| 942 |
_2ddc _cBK |
||
| 999 |
_c46457 _d46457 |
||